LEADER 02350nam 22005653 450 001 9910985641903321 005 20250127120401.0 010 $a9781487569846 010 $a148756984X 010 $a9781781799918 010 $a1781799911 024 7 $a10.3138/9781781799918 035 $a(CKB)4960000000237734 035 $a(MiAaPQ)EBC31887110 035 $a(Au-PeEL)EBL31887110 035 $a(DE-B1597)730889 035 $a(DE-B1597)9781781799918 035 $a(EXLCZ)994960000000237734 100 $a20250127d2020 uy 0 101 0 $aeng 135 $aur||||||||||| 181 $ctxt$2rdacontent 182 $cc$2rdamedia 183 $acr$2rdacarrier 200 10$aValidity $eTheoretical Development and Integrated Arguments 205 $a1st ed. 210 1$aToronto :$cUniversity of Toronto Press,$d2020. 210 4$dİ2020. 215 $a1 online resource (216 pages) 225 1 $aBritish Council Monographs on Modern Language Testing Series 311 08$a9781781799901 311 08$a1781799903 311 08$a9781781799895 311 08$a178179989X 327 $tFrontmatter -- $tDEDICATION -- $tACKNOWLEDGEMENTS -- $tCONTENTS -- $tList of figures -- $tList of tables -- $tChapter 1 Introduction -- $tChapter 2 Historical overview of validity -- $tChapter 3 Principled design, test development and validation -- $tChapter 4 Validity and consequences -- $tChapter 5 An integrated argument-based approach to validation -- $tChapter 6 Conclusion: Validation, localisation and case studies -- $tReferences -- $tAppendix -- $tIndex 330 $a"This monograph provides a historical overview of validity, targeting developments in both the UK and the US. It explores theoretical notions of validity as well as pragmatic validation practices and expands the arguments that need to be attended to document quality"--$cProvided by publisher. 410 0$aBritish Council Monographs on Modern Language Testing Series 517 $aValidity 606 $aExaminations$xValidity 615 0$aExaminations$xValidity. 676 $a371.26 700 $aChalhoub-Deville$b Micheline$01792536 701 $aO'Sullivan$b Barry$01792537 801 0$bMiAaPQ 801 1$bMiAaPQ 801 2$bMiAaPQ 906 $aBOOK 912 $a9910985641903321 996 $aValidity$94331207 997 $aUNINA